<?xml version="1.0" encoding="UTF-8"?>
<marc:record xmlns:marc="http://www.loc.gov/MARC21/slim">
   <marc:leader>00000nam a2200000 a 4500</marc:leader>
   <marc:datafield ind1="1" ind2=" " tag="100">
      <marc:subfield code="a">Engels, Therese</marc:subfield>
      <marc:subfield code="4">aut</marc:subfield>
      <marc:subfield code="e">Verfasser/-in</marc:subfield>
   </marc:datafield>
   <marc:datafield ind1=" " ind2=" " tag="653">
      <marc:subfield code="a">Vietnam</marc:subfield>
   </marc:datafield>
   <marc:datafield ind1=" " ind2=" " tag="653">
      <marc:subfield code="a">DVD</marc:subfield>
   </marc:datafield>
   <marc:datafield ind1="0" ind2="0" tag="245">
      <marc:subfield code="a">GEO Spezial Vietnam</marc:subfield>
   </marc:datafield>
   <marc:datafield ind1="0" ind2="0" tag="245">
      <marc:subfield code="b">Zwei Filme auf einer DVD</marc:subfield>
   </marc:datafield>
   <marc:datafield ind1=" " ind2="1" tag="264">
      <marc:subfield code="b">MedienKontor und ARTE</marc:subfield>
      <marc:subfield code="c">2019</marc:subfield>
   </marc:datafield>
   <marc:datafield ind1="1" ind2=" " tag="520">
      <marc:subfield code="a">Klappentext: Vietnams Tierwelt ist vielfältig, exotisch, rätselhaft - und nicht selten Schauplatz dramatischer Geschichten. Südlich von Hanoi liegt im Dschungel die Auffangstation von "Save Vietnam's Wildlife". Beschlagnahmte Schuppentiere werden hier gepäppelt und auf ihre Wiederauswilderung vorbereitet.  Im kleinen Dorf Vinh Son im Norden Vietnams lebt ein großer Teil der Einwohner von der Schlangenzucht.... *Verlag*</marc:subfield>
   </marc:datafield>
</marc:record>
